Poznatky zo študijného pobytu vo Vatikánskom tajnom archíve

Bibliographic Details
Main Author: Nováková, Veronika (Author)
Format: Article
Language:Slovak
ISSN:0231-7622
Subjects:

MARC

LEADER 00000nab a2200000 a 4500
001 vtls000529421
003 SK-MaSNL
005 20260304084921.0
008 250425c1994 xo 0 slo
015 |a SNBRB19rr/mm-uuuuu 
035 |a CL0529559 
035 |a urn:nbn:sk:snk-ab7h93 
035 |a (urnnbn)urn:nbn:sk:snk:ar-005sd3 
035 |a (uuid)fa8b9cca-3083-4ced-ae7a-bc0c86e26a59 
040 |a SNKBUCL  |b slo  |c SNKBUCL  |e AACR2 
041 0 |a slo 
044 |a xo  |c SK 
080 |a 930.253(456.31=854)  |2 1981 
100 1 |a Nováková, Veronika  |4 aut  |9 233361 
245 1 0 |a Poznatky zo študijného pobytu vo Vatikánskom tajnom archíve  |c Veronika Nováková 
650 0 7 |a Vatikánsky archív  |2 snkbucl  |9 1182509 
650 0 7 |a fondy archívne slovacikálne  |2 snkbucl  |9 1182510 
655 7 |a články z novín a časopisov  |2 snkbucl  |9 267496 
773 0 |t Slovenská archivistika  |g Roč. 29, č. 2 (1994), s. 138-140  |x 0231-7622 
850 |a Slovenská národná knižnica 
852 |a Slovenská národná knižnica 
954 |a odborná, vedecká literatúra pôvodná (slovenská)  |2 lita 
958 |a article7 
958 |a OND 
958 |a RK 
958 |a VA 
958 |a EUIPO 
992 |a RBX 
999 |c 2805632  |d 2807562